| 000 | 00319nam a2200121Ia 4500 | ||
|---|---|---|---|
| 008 | 230907s9999||||xx |||||||||||||| ||und|| | ||
| 082 |
_a697.93 _bPIT |
||
| 100 |
_aPita, Edward G. _944443 |
||
| 245 | 0 | _aAir conditioning principles and systems : | |
| 260 |
_aPearson, _bNoida : _c2018 |
||
| 300 | _a566 p. : | ||
| 942 | _cBK | ||
| 999 |
_c600213 _d600213 |
||